Online
Catalog

Nuevo manual de medicina naturopata : (Record no. 23135)

MARC details
000 -CABECERA
campo de control de longitud fija 01001nam a2200277 a 4500
001 - NÚMERO DE CONTROL
campo de control 000023639
005 - FECHA Y HORA DE LA ÚLTIMA TRANSACCIÓN
campo de control 20240410201344.0
008 - DATOS DE LONGITUD FIJA--INFORMACIÓN GENERAL
campo de control de longitud fija 101216s1986 sp a r 000 0 spa d
020 ## - NÚMERO INTERNACIONAL ESTÁNDAR DEL LIBRO
Número Internacional Estándar del Libro 8476400061
040 ## - FUENTE DE LA CATALOGACIÓN
Centro catalogador/agencia de origen DO-SdBNP
Lengua de catalogación spa
Centro/agencia transcriptor BNPHU
041 17 - CÓDIGO DE LENGUA
Código de lengua del texto/banda sonora o título independiente spa
Código de lengua original eng
Fuente del código Códico de idioma MARC
082 ## - NÚMERO DE LA CLASIFICACIÓN DECIMAL DEWEY
Número de clasificación 615.535
Número de documento/Ítem N551n
049 ## - FONDOS LOCALES (OCLC)
Fondos de biblioteca BNGR
100 1# - ENTRADA PRINCIPAL--NOMBRE DE PERSONA
Nombre de persona Newman Turner Roger
9 (RLIN) 48712
240 10 - TÍTULO UNIFORME
Título uniforme Naturopathic medicine.
Lenguaje de la obra Español.
245 10 - MENCIÓN DE TÍTULO
Título Nuevo manual de medicina naturopata :
Resto del título tratamiento integral de la persona /
Mención de responsabilidad, etc. Roger Newman Turner ; prefacio George T. Lewith ; traducido por Vicente Bordoy y Custodia Ramos.
260 ## - PUBLICACIÓN, DISTRIBUCIÓN, ETC.
Lugar de publicación, distribución, etc. Madrid :
Nombre del editor, distribuidor, etc. Edaf,
Fecha de publicación, distribución, etc. [1986].
300 ## - DESCRIPCIÓN FÍSICA
Extensión 175 p. :
Otras características físicas il. ;
Dimensiones 21 cm.
504 ## - NOTA DE BIBLIOGRAFÍA, ETC.
Nota de bibliografía, etc. Incluye bibliografía
534 ## - NOTA SOBRE LA VERSIÓN ORIGINAL
Encabezamiento principal del original Título original:
Mención de título del original Naturopathic medicine.
650 #4 - PUNTO DE ACCESO ADICIONAL DE MATERIA--TÉRMINO DE MATERIA
Término de materia o nombre geográfico como elemento de entrada Naturopatía
9 (RLIN) 48713
650 #0 - PUNTO DE ACCESO ADICIONAL DE MATERIA--TÉRMINO DE MATERIA
Término de materia o nombre geográfico como elemento de entrada Medicina alternativa
9 (RLIN) 37050
700 1# - PUNTO DE ACCESO ADICIONAL--NOMBRE DE PERSONA
Nombre de persona Lewith, George T.
Término indicativo de función/relación pref.
9 (RLIN) 48714
700 1# - PUNTO DE ACCESO ADICIONAL--NOMBRE DE PERSONA
Nombre de persona Bordoy, Vicente
Término indicativo de función/relación tr.
9 (RLIN) 48715
700 1# - PUNTO DE ACCESO ADICIONAL--NOMBRE DE PERSONA
Nombre de persona Ramos, Custodia
Término indicativo de función/relación tr.
9 (RLIN) 48716
Holdings
Estado de retiro Estado de pérdida Restricciones de uso No para préstamo Código de colección Localización permanente Ubicación/localización actual Ubicación en estantería Fecha de adquisición Número de inventario Total de préstamos Signatura topográfica completa Código de barras Fecha visto por última vez Precio válido a partir de Tipo de ítem Koha
        Monografías: Libros y Folletos General General En catalogación 16.12.2010 LF1   615.535 N551n 23639-10 25.06.2020 25.06.2020 Préstamo en sala

Powered by Koha